000 00830cab a2200265 4500
001 ABS45905
008 090401t1992 xxu||||| |||| 00| 0 eng d
035 _a(Sirsi) u55811
041 _aeng
100 _aHinton, M.A.
245 _aGIS in 1992 - towards a single financial European market
260 _c1992
350 _a0
490 _aMapping Awareness
_v6(1) January/February 1992, 19-22(4)
520 _aConsiders how geographic information systems can help market analysis of the European Community in the run up to the single market.
650 _aGIS
650 _aGIS
650 _aSINGLE MARKET
690 _aEUROPE-SINGLE MARKET
690 _aFINANCE AND INVESTMENT
690 _aMANAGEMENT-BUSINESS MANAGEMENT-INFORMATION MANAGEMENT
700 _aWheeler, K.
942 _n0
948 _c04/03/1997
999 _c34114
_d34114